00623nam a2200193 a 450000500170000000800410001701000140005802000260007203500130009803700150011104000180012608200110014410000190015524500590017426000420023327000890027530000250036450000400038920090629154010.0900126s1989 ii b 001 0 eng  aENG-94284 a9788184551440c750.00 aEN-77817 bDBAD / PUB adplbEnglish  a320.01 aNarendra Singh aIntroduction to political theory /cby Narendra Singh  aNew Delhi bOmega Publications c2009 a4378/4B, J4 JMD House, Murari Lal Street, Ansari Road, DaryaganjbNew Delhi e110002 av, 304p. c23cm(Hb)  aIncludes bibliographical references